000 00458nam a2200169Ia 4500
008 240729s9999 xx 000 0 und d
022 _a2522-5782
245 0 _aJournal of Cannabis Research
260 _aUnited Kingdom
260 _bBMC
650 _a Pharmacy and materia medica | Agriculture
650 _a Plant culture
650 _aMedicine
856 _uhttps://doaj.org/toc/8b758971c0d849afb447adf5518f5d92
942 _2ddc
942 _cDOAJEJ
999 _c74084
_d74084
945 _a1
_bMadushi Gamage
_c1
_dMadushi Gamage